000 00411ntaaa2200169 4500
003 01
005 20251027202434.0
008 0714s1973 ag 01
040 _aAR-BaBN
_bspa
_cAR-BaBN
_eaacr
_dRIC
082 _a265.3000 M926
100 _aMoule, H. C. G.
_94533
245 _aEn la Santa Comunion
250 _a1 ed.
260 _aBuenos Aires :
_bKidd,
_c1926
650 _aCena del SeƱor
_9286
942 _cBK
999 _c19348
_d19348